Central Library OPAC University of Rajshahi

Physiology / (Record no. 12525)

MARC details
000 -LEADER
fixed length control field 00771nam a22002652a 4500
001 - CONTROL NUMBER
control field 12525
003 - CONTROL NUMBER IDENTIFIER
rucl marc code BD-RJUL
005 - DATE AND TIME OF LATEST TRANSACTION
control field 20211208235317.0
008 - FIXED-LENGTH DATA ELEMENTS--GENERAL INFORMATION
fixed length control field 140129s19571948xx a 001 0 eng d
035 ## - SYSTEM CONTROL NUMBER
System control number (BD-RJUL)12574
040 ## - CATALOGING SOURCE
Original cataloging agency NLM
Transcribing agency NLM
Modifying agency EQO
Language of cataloging eng
041 ## - LANGUAGE CODE
Language code of text/sound track or separate title eng
060 #0 - NATIONAL LIBRARY OF MEDICINE CALL NUMBER
Classification number QT 104
Item number L656p 1948
082 ## - DEWEY DECIMAL CLASSIFICATION NUMBER
Classification number 612
Author mark and year LEP 1957
100 1# - MAIN ENTRY--PERSONAL NAME
Personal name Le Vay, David.
9 (RLIN) 38992
245 10 - TITLE STATEMENT
Title Physiology /
Statement of responsibility, etc. David Le Vay
260 ## - PUBLICATION, DISTRIBUTION, ETC. (IMPRINT)
Place of publication, distribution, etc. London :
Name of publisher, distributor, etc. English Univ. Press,
Date of publication, distribution, etc. c1948 [Impression 1957]
300 ## - PHYSICAL DESCRIPTION
Pagination 209 p. :
Illustrations ill. ;
Size 16 cm.
490 1# - SERIES STATEMENT
Series statement E.U.P. teach yourself books
500 ## - GENERAL NOTE
General note American ed. has title: Teach yourself physiology
504 ## - BIBLIOGRAPHY, ETC. NOTE
Bibliography, etc includes index
650 #0 - SUBJECT ADDED ENTRY--TOPICAL TERM
Topical term or geographic name as entry element Physiology
9 (RLIN) 38993
830 #0 - SERIES ADDED ENTRY--UNIFORM TITLE
Uniform title E.U.P. teach yourself books
942 ## - ADDED ENTRY ELEMENTS (KOHA)
Source of classification or shelving scheme Dewey Decimal Classification
Koha item type Books
Holdings
Lost status Source of classification or shelving scheme Damaged status Not for loan Collection code Permanent Location Current Location Shelving location Date acquired Source of acquisition Cost, normal purchase price Total Checkouts Full call number Date last seen Copy number Koha item type
  Dewey Decimal Classification   Not For Loan Non-fiction Central Library, University of Rajshahi Central Library, University of Rajshahi Reading Room 17/05/1967 university book agensies 5.62   612 LEP 1957 29/01/2014 C-1 Books
  Dewey Decimal Classification     Non-fiction Central Library, University of Rajshahi Central Library, University of Rajshahi   20/04/1966 Commonwealth, Australia     612 LEP 1954 12/11/2016 C-2 Books